Managing software requirements: A unified approach (Record no. 112534)

MARC details
000 -LEADER
fixed length control field 00384nam a2200145Ia 4500
008 - FIXED-LENGTH DATA ELEMENTS--GENERAL INFORMATION
fixed length control field 230917s9999||||xx |||||||||||||| ||und||
040 ## - CATALOGING SOURCE
-- 73484
Original cataloging agency VIVEKANANDA LIBRARY
041 ## - Language
-- English
082 ## - DDC NUMBER
Classification number 005.1 L522M
100 ## - MAIN ENTRY--PERSONAL NAME
Personal name Leffingwell, Dean
245 #0 - TITLE STATEMENT
Title Managing software requirements: A unified approach
260 ## - PUBLICATION, DISTRIBUTION, ETC. (IMPRINT)
Place of publication, distribution, etc Boston
Name of publisher, distributor, etc Addison-Wesley
Date of publication, distribution, etc 2001
300 ## - PHYSICAL DESCRIPTION
Pages xxix, 491 p.
942 ## - ADDED ENTRY ELEMENTS (KOHA)
Koha item type Books
Holdings
Withdrawn status Lost status Damaged status Not for loan Location (home branch) Sublocation or collection (holding branch) Shelving location Date acquired Koha issues (times borrowed) Koha full call number Accession No. Koha date last seen Koha item type
        VIVEKANANDA LIBRARY VIVEKANANDA LIBRARY IMSAR Library 11/02/2003   005.1 L522M 200952 17/09/2023 Books
© Designed and Maintained by Vivekananda Library, MDU Rohtak